Giáo trình xác suất thống kê Giáo trình cao đẳng sư phạm

Những kiến thức cơ bản về xác suất thống kê: Sự kiện ngẫu nhiên và phép tính xác suất, biến ngẫu nhiên và luật phân phối xác suất, bién ngẫu nhiên nhiều chiều, mẫu thống kê và ước lượng tham số, kiểm định giả thuyết

Saved in:
Bibliographic Details
Main Author: Nguyễn, Đình Hiền
Format: Book
Language:Vietnamese
Published: H. Đại học Sư phạm 2003
Series:Bộ giáo dục và đào tạo dự án đào tạo giáo viên THCS
Subjects:
Tags: Add Tag
No Tags, Be the first to tag this record!
Institutions: Mạng thư viện Đại học Đà Nẵng
LEADER 01466nam a2200349 4500
001 000013030
003 9361
005 20120306110347.0
008 120306s2003 viesd
020 |c 0đ 
041 0 |a vie 
082 |a 519  |b NG-H 
100 0 |a Nguyễn, Đình Hiền 
245 0 |a Giáo trình xác suất thống kê  |b Giáo trình cao đẳng sư phạm  |c Nguyễn, Đình Hiền 
260 |a H.  |b Đại học Sư phạm  |c 2003 
300 |a 194tr.  |b hình vẽ, bảng  |c 24 cm 
490 |a Bộ giáo dục và đào tạo dự án đào tạo giáo viên THCS 
504 |a Thư mục: tr. 192 
520 |a Những kiến thức cơ bản về xác suất thống kê: Sự kiện ngẫu nhiên và phép tính xác suất, biến ngẫu nhiên và luật phân phối xác suất, bién ngẫu nhiên nhiều chiều, mẫu thống kê và ước lượng tham số, kiểm định giả thuyết 
650 |a Thống kê 
653 |a Xác suất 
910 |a Nguyễn Thị Lê Na 
OWN |a LSP 
AVA |a UDN50  |b LSP  |d 519 NG-H  |e available  |t Error 5001 Not defined in file expand_doc_bib_avail.  |f 3  |g 0  |h N  |i 0  |k 1 
999 |a From the UDN01 
AVA |a UDN50  |b LSP  |d 519 NG-H  |e available  |t Error 5001 Not defined in file expand_doc_bib_avail.  |f 3  |g 0  |h N  |i 0  |k 1 
TYP |a Monograph 
TYP |a Printed language 
980 |a Mạng thư viện Đại học Đà Nẵng